000 00611nam a2200193 i 4500
001 74167
003 ES-MaACL
005 20250518063239.0
007 t|
008 040915s1979 sp ||||1| spa d
100 1 _aGonzález Álvarez, Ángel,
_d1916-1991
_958414
245 1 0 _aTratado de Metafísica
_b: Ontología /
_cAngel González Alvarez.
260 _a[Madrid :
_bGredos,
_c1979]
300 _a466 p. ;
_c25 cm.
490 1 _aBiblioteca hispánica de filosofía
830 0 _aBiblioteca hispánica de filosofía
_9181000
852 _aES-MaACL
_jA-10095
_bR.99074
999 _c74167
_d74167